Music Quiz

Random Music or Song Quiz

AC/DC title fill in Quiz Stats

 Plays Quiz not verified by Sporcle

Score 0/15 Timer 06:00
0 Plays Today
Title Missing Word % Correct
Back in ____Black
99.6%
____ VoltageHigh
96.1%
Whole ____ RosieLotta
94.7%
The Razor's ___Edge
91%
Who ____ WhoMade
87.5%
____ A LegShake
82.7%
Sin ____City
81.6%
____ ChildProblem
68.4%
Title Missing Word % Correct
Ride ___On
65.6%
____ JackBig
63.2%
She's Got ____Balls
62.7%
Night ___Prowler
61.6%
_____ For ChristmasMistress
56.6%
There's Gonna Be SomeRockin
51.3%
____ on FireSkies
44.5%

You're not logged in!

Compare scores with friends on all Sporcle quizzes.
OR
Log In

Sporcle TV

Today on Sporcle TV


Watch our educational content, quiz creation guides, and fun videos on Sporcle TV.

Show Comments

Extras

Created Nov 25, 2010ReportNominate
Tags:Song Quiz

Top Quizzes Today


Score Distribution

Your Account Isn't Verified!

In order to create a playlist on Sporcle, you need to verify the email address you used during registration. Go to your Sporcle Settings to finish the process.

Report this User

Report this user for behavior that violates our Community Guidelines.

Details: